000 00469nam a2200169Ia 4500
003 GCL
008 140319s9999 xx 000 0 eng d
040 _aGCL /
_cGCL
082 0 4 _a332.632
_bB C
100 1 _aL EITCH, R.R
245 1 0 _aCAPITAL IDEAS: THE IMPORBABLE ORIGINS OF MODERN WALL STREET /
_cL EITCH, R.R
260 _a[S.N] :
_bMACMILLAN PUBLISHING COMPANY ،
_c1992
300 _a340 P
650 0 4 _aWALL STREET
650 0 4 _aCAPITALISM
942 _2ddc
_cBK
999 _c17891
_d17891